| 000 | 02596cam a22005054a 4500 | ||
|---|---|---|---|
| 001 | muse84761 | ||
| 003 | MdBmJHUP | ||
| 005 | 20210127151549.0 | ||
| 006 | m o d | ||
| 007 | cr||||||||nn|n | ||
| 008 | 980713s1985 mx o 00 0 spa d | ||
| 010 | _z 98169577 | ||
| 020 | _a9786076289785 | ||
| 020 | _z9681203208 | ||
| 020 | _z9789681203207 | ||
| 035 | _a(OCoLC)1151237275 | ||
| 040 |
_aMdBmJHUP _cMdBmJHUP |
||
| 043 |
_an-us--- _an-mx--- |
||
| 050 | 0 | 4 | _aIN PROCESS (UTILITY LOAD) |
| 245 | 0 | 0 |
_aMexico-Estados Unidos _b1984 / _cManuel García y Griego y Gustavo Vega, compiladores. |
| 250 | _a1a ed. | ||
| 264 | 1 | _bEl Colegio de Mexico, | |
| 264 | 3 | _bProject MUSE, | |
| 300 |
_a1 online resource (272 p.) : _bill. ; |
||
| 500 | _a"Centro de estudios internacionales, 25 aniversario." | ||
| 504 | _aIncludes bibliographical references. | ||
| 505 | 0 | _aMexico-Estados Unidos / Lorenzo Meyer Cosió -- Visión de Mexico en la prensa de Estados Unidos / Roberta Lajous de Solana y Jesús Velasco Márquez -- Actitudes de Estados Unidos y Europa frente a las crisis latinoamericanas / Esperanza Durán -- Políticas industriales de Mexico y Estados Unidos -- Raúl Hinojosa Ojeda -- Comercio y política en Estados Unidos / Gustavo Vega Cánovas -- La renovación del sistema generalizado de preferencias arancelarias y sus implicaciones para Mexico / Isabel Molina --Relaciones agrícolas Mexico-Estados Unidos en 1980 / Gustavo del Castillo --El patrón migratorio entre Mexico y Estados Unidos / Francisco Alba -- Es vulnerable la economía mexicana a la aplicación de políticas migratorias esta dunidenses? / Manuel Garcia y Griego y Francisco Giner de los Ríos. | |
| 506 | 0 |
_aOpen Access _fUnrestricted online access _2star |
|
| 588 | _aDescription based on print version record. | ||
| 651 | 0 |
_aMexico _xForeign relations _zUnited States. |
|
| 651 | 0 |
_aUnited States _xForeign relations _zMexico. |
|
| 653 |
_aEstados Unidos _aRelaciones exteriores _aMexico _a1984. |
||
| 653 |
_aMexico _aRelaciones exteriores _aEstados Unidos _a1984. |
||
| 655 | 7 |
_aElectronic books. _2local |
|
| 700 | 1 | _aVega Cánovas, Gustavo. | |
| 700 | 1 | _aGarcía y Griego, Manuel. | |
| 740 | 0 | _aMexico-Estados Unidos. | |
| 710 | 2 |
_aProject Muse. _edistributor |
|
| 830 | 0 | _aBook collections on Project MUSE. | |
| 856 | 4 | 0 |
_zFull text available: _uhttps://muse.jhu.edu/book/74426/ |
| 999 |
_c26222 _d26222 |
||